| 000 | 00659nam a22001817a 4500 | ||
|---|---|---|---|
| 020 | _qHard Cover. | ||
| 082 | _a005 | ||
| 100 | _aAdeen Fasihi ; Usamah Abdur Rehman ; Rajnesh Bhatia | ||
| 245 |
_aSig-M8-In-air Handwritten Signature Verification System / _cAdeen Fasihi ; Usamah Abdur Rehman ; Rajnesh Bhatia |
||
| 260 |
_aIslamabad : _bSEECS - NUST, _c2019. |
||
| 300 |
_a42 p. : ill. ; _c30cm. |
||
| 563 | _aa | ||
| 650 | _aComputer Science-Project Report. | ||
| 700 |
_aDr. Muhammad Imran Malik. _930951 |
||
| 856 | _uhttp://10.250.8.41:8080/xmlui/handle/123456789/20292 | ||
| 942 |
_2ddc _cPR |
||
| 999 |
_c536028 _d536028 |
||